| 000 | 00756nam a2200241 i 4500 | ||
|---|---|---|---|
| 001 | 18235 | ||
| 003 | ES-MaACL | ||
| 005 | 20230906151805.0 | ||
| 007 | t| | ||
| 008 | 011016s2001 fr ||||1| fre d | ||
| 020 | _a2-02-035037-8 | ||
| 080 | _a929:82"18" | ||
| 080 | _a32:82"18" | ||
| 080 | _a821(4).09"18" | ||
| 100 | 1 |
_aWinock, Michel. _9117097 |
|
| 245 | 1 | 4 |
_aLes voix de la liberté _b: les écrivains engagés au XIXe siècle / _cMichel Winock. |
| 260 |
_aParis : _bSeuil, _c[2001] |
||
| 300 |
_a676 p., [24] p. de lám. ; _c24 cm. |
||
| 650 | 1 | 4 |
_aEscritores- _yS.XIX. _912379 |
| 650 | 4 |
_aLiteratura y política- _yS.XIX. _914678 |
|
| 650 | 1 | 4 |
_aLiteratura europea- _yS.XIX- _xHistoria y crítica. _914579 |
| 852 |
_aES-MaACL _jL-24950 _bR.130254 |
||
| 999 |
_c18235 _d18235 |
||